<?xml version="1.0" encoding="UTF-8"?>
<record
    xmlns:xsi="http://www.w3.org/2001/XMLSchema-instance"
    xsi:schemaLocation="http://www.loc.gov/MARC21/slim http://www.loc.gov/standards/marcxml/schema/MARC21slim.xsd"
    xmlns="http://www.loc.gov/MARC21/slim">

  <leader>02504nam a2200529 i 4500</leader>
  <controlfield tag="001">0008072050</controlfield>
  <controlfield tag="003">OSt</controlfield>
  <controlfield tag="005">20260530103121.0</controlfield>
  <controlfield tag="008">251202s2024    onca   j 6    000 | fre  </controlfield>
  <datafield tag="020" ind1=" " ind2=" ">
    <subfield code="a">9781039717336 (v. 2)</subfield>
  </datafield>
  <datafield tag="040" ind1=" " ind2=" ">
    <subfield code="a">QMBN</subfield>
    <subfield code="b">fre</subfield>
    <subfield code="e">rda</subfield>
    <subfield code="c">QMBN</subfield>
    <subfield code="d">QMBND</subfield>
  </datafield>
  <datafield tag="041" ind1="1" ind2=" ">
    <subfield code="a">fre</subfield>
    <subfield code="h">eng</subfield>
  </datafield>
  <datafield tag="050" ind1=" " ind2="4">
    <subfield code="a">PZ23.7</subfield>
  </datafield>
  <datafield tag="082" ind1="0" ind2="4">
    <subfield code="a">BD CAL v.2</subfield>
    <subfield code="2">23/fre/202512</subfield>
  </datafield>
  <datafield tag="091" ind1="0" ind2=" ">
    <subfield code="a">CAL</subfield>
  </datafield>
  <datafield tag="100" ind1="1" ind2=" ">
    <subfield code="a">Calin, Cassandra</subfield>
    <subfield code="e">auteur</subfield>
    <subfield code="e">artiste</subfield>
  </datafield>
  <datafield tag="240" ind1="1" ind2="0">
    <subfield code="a">New girl.</subfield>
    <subfield code="l">Fran&#xEF;&#xBF;&#xBD;ais</subfield>
  </datafield>
  <datafield tag="245" ind1="1" ind2="3">
    <subfield code="a">La nouvelle / 2. Premier amour</subfield>
    <subfield code="c">Cassandra Calin ; texte fran&#xE7;ais d'Isabelle Allard, relu par Cassandra Calin elle-m&#xEA;me</subfield>
  </datafield>
  <datafield tag="264" ind1=" " ind2="1">
    <subfield code="a">Toronto (Ontario) Canada :</subfield>
    <subfield code="b">Scholastic,</subfield>
    <subfield code="c">[2024]</subfield>
  </datafield>
  <datafield tag="300" ind1=" " ind2=" ">
    <subfield code="a">261 pages :</subfield>
    <subfield code="b">principalement des illustrations en couleur ;</subfield>
    <subfield code="c">21 cm</subfield>
  </datafield>
  <datafield tag="336" ind1=" " ind2=" ">
    <subfield code="a">image fixe</subfield>
    <subfield code="b">sti</subfield>
    <subfield code="2">rdacontent</subfield>
  </datafield>
  <datafield tag="336" ind1=" " ind2=" ">
    <subfield code="a">texte</subfield>
    <subfield code="b">txt</subfield>
    <subfield code="2">rdacontent</subfield>
  </datafield>
  <datafield tag="337" ind1=" " ind2=" ">
    <subfield code="a">sans m&#xEF;&#xBF;&#xBD;diation</subfield>
    <subfield code="b">n</subfield>
    <subfield code="2">rdamedia</subfield>
  </datafield>
  <datafield tag="338" ind1=" " ind2=" ">
    <subfield code="a">volume</subfield>
    <subfield code="b">nc</subfield>
    <subfield code="2">rdacarrier</subfield>
  </datafield>
  <datafield tag="521" ind1=" " ind2=" ">
    <subfield code="a">Pour les jeunes</subfield>
  </datafield>
  <datafield tag="586" ind1="8" ind2=" ">
    <subfield code="a">Prix des libraires du Qu&#xEF;&#xBF;&#xBD;bec - Bande dessin&#xEF;&#xBF;&#xBD;e jeunesse, Qu&#xEF;&#xBF;&#xBD;bec, 2025</subfield>
  </datafield>
  <datafield tag="650" ind1=" " ind2="7">
    <subfield code="a">Pr&#xEF;&#xBF;&#xBD;adolescentes</subfield>
    <subfield code="v">Bandes dessin&#xEF;&#xBF;&#xBD;es</subfield>
    <subfield code="2">vmj</subfield>
  </datafield>
  <datafield tag="650" ind1=" " ind2="7">
    <subfield code="a">&#xEF;&#xBF;&#xBD;coles secondaires</subfield>
    <subfield code="v">Bandes dessin&#xEF;&#xBF;&#xBD;es</subfield>
    <subfield code="2">vmj</subfield>
  </datafield>
  <datafield tag="650" ind1=" " ind2="7">
    <subfield code="a">Menstruation</subfield>
    <subfield code="v">Bandes dessin&#xEF;&#xBF;&#xBD;es</subfield>
    <subfield code="2">vmj</subfield>
  </datafield>
  <datafield tag="650" ind1=" " ind2="7">
    <subfield code="a">Douleur</subfield>
    <subfield code="v">Bandes dessin&#xEF;&#xBF;&#xBD;es</subfield>
    <subfield code="2">vmj</subfield>
  </datafield>
  <datafield tag="650" ind1=" " ind2="7">
    <subfield code="a">Immigrants</subfield>
    <subfield code="x">Int&#xEF;&#xBF;&#xBD;gration</subfield>
    <subfield code="z">Qu&#xEF;&#xBF;&#xBD;bec (Province)</subfield>
    <subfield code="v">Bandes dessin&#xEF;&#xBF;&#xBD;es</subfield>
    <subfield code="2">vmj</subfield>
  </datafield>
  <datafield tag="650" ind1=" " ind2="7">
    <subfield code="a">Adaptation (Psychologie)</subfield>
    <subfield code="v">Bandes dessin&#xEF;&#xBF;&#xBD;es</subfield>
    <subfield code="2">vmj</subfield>
  </datafield>
  <datafield tag="650" ind1=" " ind2="7">
    <subfield code="a">Changement</subfield>
    <subfield code="v">Bandes dessin&#xEF;&#xBF;&#xBD;es</subfield>
    <subfield code="2">vmj</subfield>
  </datafield>
  <datafield tag="650" ind1=" " ind2="7">
    <subfield code="a">Famille</subfield>
    <subfield code="v">Bandes dessin&#xEF;&#xBF;&#xBD;es</subfield>
    <subfield code="2">vmj</subfield>
  </datafield>
  <datafield tag="651" ind1=" " ind2="7">
    <subfield code="a">Montr&#xEF;&#xBF;&#xBD;al (Qu&#xEF;&#xBF;&#xBD;bec)</subfield>
    <subfield code="v">Bandes dessin&#xEF;&#xBF;&#xBD;es</subfield>
    <subfield code="2">vmj</subfield>
  </datafield>
  <datafield tag="655" ind1=" " ind2="7">
    <subfield code="a">Romans graphiques</subfield>
    <subfield code="2">rvmgf</subfield>
  </datafield>
  <datafield tag="655" ind1=" " ind2="7">
    <subfield code="a">Bandes dessin&#xEF;&#xBF;&#xBD;es d'&#xEF;&#xBF;&#xBD;ducation</subfield>
    <subfield code="2">rvmgf</subfield>
  </datafield>
  <datafield tag="655" ind1=" " ind2="7">
    <subfield code="a">Bandes dessin&#xEF;&#xBF;&#xBD;es sur l'&#xEF;&#xBF;&#xBD;cole</subfield>
    <subfield code="2">rvmgf</subfield>
  </datafield>
  <datafield tag="655" ind1=" " ind2="7">
    <subfield code="a">Documents pour la jeunesse</subfield>
    <subfield code="2">rvmgf</subfield>
  </datafield>
  <datafield tag="700" ind1="1" ind2=" ">
    <subfield code="i">Traduction de :</subfield>
    <subfield code="a">Calin, Cassandra</subfield>
    <subfield code="t">New girl</subfield>
  </datafield>
  <datafield tag="700" ind1="1" ind2=" ">
    <subfield code="a">Allard, Isabelle</subfield>
    <subfield code="e">traducteur</subfield>
  </datafield>
  <datafield tag="942" ind1=" " ind2=" ">
    <subfield code="2">ddc</subfield>
    <subfield code="c">BD</subfield>
  </datafield>
  <datafield tag="999" ind1=" " ind2=" ">
    <subfield code="c">18875</subfield>
    <subfield code="d">18875</subfield>
  </datafield>
  <datafield tag="952" ind1=" " ind2=" ">
    <subfield code="0">0</subfield>
    <subfield code="1">0</subfield>
    <subfield code="2">ddc</subfield>
    <subfield code="4">0</subfield>
    <subfield code="7">0</subfield>
    <subfield code="a">HENRYVILLE</subfield>
    <subfield code="b">HENRYVILLE</subfield>
    <subfield code="d">2026-05-30</subfield>
    <subfield code="l">0</subfield>
    <subfield code="o">BD CAL v.2</subfield>
    <subfield code="p">30001030026951</subfield>
    <subfield code="r">2026-05-30 10:31:42</subfield>
    <subfield code="w">2026-05-30</subfield>
    <subfield code="y">BD</subfield>
  </datafield>
</record>
